Mathematical conversations : selections from The mathematical intelligencer

Saved in:
Bibliographic Details
Other Authors: Gray, Jeremy, 1947- (Compiler), Wilson, Robin J. (Compiler)
Format: Book
Language:English
Published: New York : Springer, 2001
Subjects:
Tags: Add Tag
No Tags, Be the first to tag this record!

MARC

LEADER 00000cam a2200000 i 4500
001 1/25101
008 020619s2001 eng d
020 |a 0-387-98686-3 
035 |l 10068005 
040 |a GR-MY-UA  |b gre  |e aacr 
041 0 |a eng 
082 0 |a 510 
245 1 0 |a Mathematical conversations :  |b selections from The mathematical intelligencer /  |c compiled by Robin Wilson, Jeremy Gray 
260 |a New York :   |b Springer,   |c 2001 
300 |a 488 p. 
650 0 0 |a Mathematics. 
700 1 |a Gray, Jeremy,   |d 1947-  |4 com 
700 1 |4 com  |a Wilson, Robin J. 
852 |a INST  |b RHODES  |e 20020619  |h 510 MAT  |p 005400016429  |q 005400016429  |t BK  |y 0 
901 |a BIBL4-2002-2 
909 |a Ρ  |b 101235 
970 |a ΚΟΥΛΑΚΙΟΤΗ  |b ΛΙΤΣΑ  |z 2002/06/18